00656nam a2200205Ia 4500003000900000008004100009020001800050040001600068080001300084110001600097245011300113260003500226300002300261650001900284650001900303650001600322942000700338999001500345952009000360IN-BaIIA211028s9999 xx 000 0 eng d a0-87985-475-8 cIIA Library a771bEAS aKodak92452 0aScientific imaging with kodak films and platescEastman Kodak Company  aRochesterbEastman Kodakc1987 a[various pagings.] aImaging916376 aNASA thesaurus aPhotography cBK c9695d9695 00104070aBANbBANcGENd0000-00-00l0o771/ EASp10605r2021-11-05w0000-00-00yBK